Normal view MARC view

Entry Nombre personal

Number of records used in: 3

001 - NÚMERO DE CONTROL

  • campo de control: 1104

003 - IDENTIFICADOR DE NÚMERO DE CONTROL

  • campo de control: DLC

005 - FECHA Y HORA DE LA ÚLTIMA TRANSACCIÓN

  • campo de control: 20260423144837.0

008 - ELEMENTOS DE DATO DE LONGITUD-FIJA

  • campo de control de longitud fija: 920618n| azannaabn |n aaa c

010 ## - NÚMERO DE CONTROL DE LA BIBLIOTECA DEL CONGRESO

  • Número de control de LC: nr 92022391

035 ## - NÚMERO DE CONTROL DEL SISTEMA

  • Número de control de sistema: (OCoLC)oca03192177

040 ## - FUENTE DE CATALOGACIÓN

  • Centro catalogador/agencia de origen: MiU
  • Lengua de catalogación: eng
  • Normas de descripción: rda
  • Centro/agencia transcriptor: MiU
  • Centro/agencia modificador: ICU

100 1# - ENCABEZAMIENTO-NOMBRE DE PERSONA

  • Nombre de persona: Roncayolo, Marcel

670 ## - FUENTE DE DATOS ENCONTRADOS

  • Cita de la fuente: His Imaginaire de Marseille, 1990:
  • Información encontrada: t.p. (Marcel Roncayolo)

670 ## - FUENTE DE DATOS ENCONTRADOS

  • Cita de la fuente: LC data base, 6-17-92
  • Información encontrada: (hdg.: Roncayolo, Marcel)